000 00428nam a22001577a 4500
005 20251108164331.0
008 250721s1966 xx 000 0 ara d
082 1 4 _a811.9/محم
100 1 _aالفايز، محمد
245 1 0 _aمذكرات بحار /
264 1 _aالكويت :
_bمطبعة حكومة الكويت،
_c1966.
300 _a74ص
650 1 7 _aالشعر العربي
942 _2ddc
_cBK
999 _c9599
_d9599